Preguntar la escuela: guía para la prevención integral en la escuela

Este libro presenta un marco conceptual y metodológico llamado prevención integral como resultado de un trabajo permanente con jóvenes, educadores, niños, padres de familia y organizaciones comunitarias en torno a problemas del consumo de drogas.

Đã lưu trong:
Chi tiết về thư mục
Tác giả khác: Velásquez Ruíz, Enrique
Định dạng: Sách
Ngôn ngữ:Spanish
Được phát hành: Bogotá: UCPI, 1993
Loạt:Prevenir es construir futuro; No. 5
Những chủ đề:
Truy cập trực tuyến:Enlace del recurso
Các nhãn: Thêm thẻ
Không có thẻ, Là người đầu tiên thẻ bản ghi này!

MARC

LEADER 00000nam a2200000 a 4500
001 000818
008 030408s1993 ck a fr# #000|0#spa#d
020 |a 958-662-002-6 
041 0 |a spa 
043 |a s-ck--- 
082 0 4 |a 362.293  |b P623p 
245 0 0 |a Preguntar la escuela:  |b guía para la prevención integral en la escuela   |c Enrique Velásquez Ruíz ... [et al.] 
260 |a Bogotá:  |b UCPI,  |c 1993 
300 |a 115 p.:  |b il. 
440 0 |a Prevenir es construir futuro;  |v No. 5 
500 |a Incluye glosario 
520 3 |a Este libro presenta un marco conceptual y metodológico llamado prevención integral como resultado de un trabajo permanente con jóvenes, educadores, niños, padres de familia y organizaciones comunitarias en torno a problemas del consumo de drogas. 
650 1 4 |a DROGAS Y JÓVENES  |z COLOMBIA 
650 1 4 |a DROGADICCIÓN 
700 1 |a Velásquez Ruíz, Enrique 
999 |c 2970  |d 2970 
856 |u https://catalogo.idep.edu.co/cgi-bin/koha/opac-detail.pl?biblionumber=2970  |z Enlace del recurso